000 00483nam a22001697a 4500
005 20251108172216.0
008 250721s1986 xx 000 0 ara d
082 1 4 _a641.6/دار
100 1 _aداريغول، جان لوي
245 1 0 _aالعسل غذاء و عافية /
264 1 _aدمشق :
_bدار طلاس،
_c1986.
300 _a350ص
650 1 7 _aعسل النحل
710 2 _aدار طلاس للدراسات
_eترجمة
942 _2ddc
_cBK
999 _c73172
_d73172